[Event "13th UMD Tornado"]
[Site "Dearborn, Mich."]
[Date "1981.07.25"]
[Round "4"]
[White "Youssef, Issa"]
[Black "Moody, David"]
[Result "1-0"]
[WhiteElo "1943"]
[BlackElo "1871"]
[PlyCount "95"]
[EventDate "1981.07.25"]

1. c4 e5 2. Nc3 Nf6 3. g3 d5 4. cxd5 Nxd5 5. Bg2 Nxc3 6. bxc3 Nc6 7. d3 Bc5 8.
Nf3 Bg4 9. O-O Qd7 10. Rb1 Bb6 11. Qa4 O-O 12. Rd1 Bh3 13. Bh1 Nd4 14. cxd4
Qxa4 15. Bd2 Qxa2 16. Nxe5 Bxd4 17. Nc4 Qa4 18. Bxb7 Rab8 19. Na5 Bb6 20. Bc6
Qd4 21. e3 Qf6 22. Bh1 Bg4 23. Rdc1 Bf3 24. Bc3 Qf5 25. Nc6 Bxh1 26. Ne7+ Kh8
27. Nxf5 Bd5 28. Bxg7+ Kg8 29. Bf6 Rfe8 30. Ne7+ Rxe7 31. Bxe7 Re8 32. Bc5 Kg7
33. Bxb6 cxb6 34. Rc7 Ra8 35. e4 Be6 36. d4 Bg4 37. Kg2 Be2 38. Rb2 Bd3 39. f3
b5 40. d5 a5 41. d6 a4 42. d7 a3 43. Ra2 b4 44. Rc8 b3 45. Rxa8 b2 46. Rxb2
axb2 47. Rb8 b1=Q 48. Rxb1 1-0

[Event "13th UMD Tornado"]
[Site "Dearborn, Mich."]
[Date "1981.07.25"]
[Round "2"]
[White "Moody, David"]
[Black "Ryan, Russ"]
[Result "1/2-1/2"]
[WhiteElo "1871"]
[BlackElo "1926"]
[PlyCount "133"]
[EventDate "1981.07.25"]

1. f4 Nf6 2. Nf3 d5 3. e3 e6 4. d4 Nbd7 5. Bd3 c5 6. c3 c4 7. Bc2 b5 8. Nbd2
Bb7 9. O-O Bd6 10. Ne5 a5 11. Qf3 O-O 12. g4 Bxe5 13. fxe5 Ne8 14. Qh3 g6 15.
Nf3 f6 16. exf6 Qxf6 17. e4 dxe4 18. Bg5 Qh8 19. Ne5 Nef6 20. Bh6 Nxe5 21. dxe5
Nd7 22. g5 Rxf1+ 23. Rxf1 Qxe5 24. Qg2 Qc5+ 25. Kh1 Qe5 26. Kg1 Qc5+ 27. Kh1
Rb8 28. Bxe4 Bxe4 29. Qxe4 Qd5 30. Qxd5 exd5 31. Rd1 Nb6 32. Re1 Kf7 33. Rf1+
Ke7 34. Bg7 Nd7 35. Bd4 Rf8 36. Re1+ Kd6 37. Kg2 Rf5 38. h4 Ne5 39. Kg3 Nd3 40.
Re8 Nxb2 41. Rb8 b4 42. cxb4 Kc7 43. Rh8 axb4 44. Rxh7+ Kd6 45. Bxb2 c3 46. Rb7
Kc5 47. Bc1 d4 48. Bf4 Kc4 49. Kf3 Ra5 50. h5 Rxa2 51. hxg6 c2 52. g7 Ra8 53.
Bb8 Ra3+ 54. Kf2 Kd3 55. g8=Q c1=Q 56. Qh7+ Kd2 57. Bf4+ Re3 58. Bxe3+ dxe3+
59. Kg3 Qg1+ 60. Kf4 Qf2+ 61. Ke5 Qg3+ 62. Kf6 Qd6+ 63. Kf5 Qd5+ 64. Kf4 Qd6+
65. Kf5 Qd5+ 66. Kf6 Qc6+ 67. Kf5 1/2-1/2

[Event "13th UMD Tornado"]
[Site "Dearborn, Mich."]
[Date "1981.07.25"]
[Round "3"]
[White "Moody, David"]
[Black "Finegold, Mark"]
[Result "1/2-1/2"]
[WhiteElo "1871"]
[BlackElo "1958"]
[PlyCount "121"]
[EventDate "1981.07.25"]

1. e4 c6 2. d4 d5 3. Nc3 dxe4 4. Nxe4 Nf6 5. Nxf6+ exf6 6. Bc4 Qe7+ 7. Qe2 Be6
8. Bb3 Na6 9. Bf4 O-O-O 10. O-O-O Nb4 11. Kb1 Nd5 12. Bg3 h5 13. h3 Qd7 14. Nf3
Bd6 15. Bxd6 Qxd6 16. Bxd5 Qxd5 17. b3 Bf5 18. Rhe1 Qd7 19. Qd2 Rhe8 20. Qa5
Kb8 21. Rxe8 Rxe8 22. d5 b6 23. Qd2 c5 24. Qf4+ Kb7 25. Kb2 Re2 26. Rd2 g5 27.
Qc4 Re4 28. Qc3 Qd6 29. a4 a5 30. Ka2 Bd7 31. Qb2 Bxa4 32. c4 Bd7 33. Re2 Rxe2
34. Qxe2 a4 35. Qe4 axb3+ 36. Kxb3 b5 37. Qh7 bxc4+ 38. Kxc4 Kb6 39. Qxf7 Bb5+
40. Kc3 c4 41. Qe6 Kc7 42. Qxd6+ Kxd6 43. Kd4 c3 44. Kxc3 Kxd5 45. Kd2 Bf1 46.
Ne1 Ke4 47. Kd1 h4 48. Kd2 f5 49. Kd1 Kf4 50. Kd2 g4 51. hxg4 fxg4 52. g3+ hxg3
53. fxg3+ Kxg3 54. Ke3 Bb5 55. Nc2 Kh2 56. Kf4 g3 57. Ne3 Be2 58. Ke4 Kh3 59.
Kf4 Bg4 60. Ke4 Kh4 61. Kf4 1/2-1/2

[Event "U.S. Open"]
[Site "Palo Alto, Calif."]
[Date "1981.08.02"]
[Round "1"]
[White "Moody, David"]
[Black "Lewis, Chris"]
[Result "0-1"]
[WhiteElo "1871"]
[BlackElo "1217"]
[PlyCount "100"]
[EventDate "1981.08.02"]

1. e4 c5 2. d4 cxd4 3. Nf3 d6 4. Nxd4 Nf6 5. Nc3 a6 6. Bc4 e5 7. Nf3 Be7 8. Bg5
Nbd7 9. Qd2 b5 10. Bb3 Nc5 11. Bxf6 Bxf6 12. Bxf7+ Kxf7 13. Qd5+ Be6 14. Qd2 b4
15. Ne2 Nxe4 16. Qxb4 d5 17. Ng3 Nxg3 18. hxg3 e4 19. Nd2 Rb8 20. Qa4 Rxb2 21.
Qxa6 Qb6 22. Qe2 Rxc2 23. Rb1 Qxb1+ 24. Nxb1 Rc1+ 25. Qd1 Rxd1+ 26. Kxd1 Bg4+
27. Kd2 Bg5+ 28. Kc3 Rc8+ 29. Kd4 Rc4+ 30. Kxd5 Be6+ 31. Ke5 Bf6+ 32. Kf4 g5+
33. Ke3 Bd4+ 34. Kxe4 Bxf2+ 35. Kf3 Bd4 36. Rxh7+ Kg6 37. Rh1 Bd5+ 38. Ke2 Be4
39. Nd2 Rc2 40. Kd1 Rxa2 41. Re1 Ra1+ 42. Ke2 Rxe1+ 43. Kxe1 Bc3 44. Ke2 Bxd2
45. Kxd2 Bxg2 46. Ke2 Bh3 47. Kf3 Kf5 48. Ke3 Bg2 49. Kf2 Bd5 50. Kf1 Kg4 0-1

[Event "U.S. Open"]
[Site "Palo Alto, Calif."]
[Date "1981.08.03"]
[Round "2"]
[White "Stewart, Robert"]
[Black "Moody, David"]
[Result "0-1"]
[WhiteElo "1626"]
[BlackElo "1871"]
[PlyCount "82"]
[EventDate "1981.08.02"]

1. g3 e5 2. Bg2 d5 3. e3 Nf6 4. Ne2 Be6 5. b3 Bd6 6. Bb2 Qd7 7. d3 Nc6 8. Nbc3
Bh3 9. Bxh3 Qxh3 10. Qd2 Bb4 11. O-O-O d4 12. exd4 exd4 13. Nf4 Qd7 14. Qe2+
Kf8 15. Ne4 Nd5 16. Nxd5 Qxd5 17. c4 Qa5 18. a4 Re8 19. Qc2 h5 20. h4 Rh6 21.
f4 Rhe6 22. Rh2 f5 23. Ng5 Re1 24. Nf3 R1e3 25. Rf2 Bc3 26. Ba3+ Kg8 27. Bb2
Nb4 28. Bxc3 dxc3 29. Qb1 c2 30. Rxc2 Nxc2 31. Qxc2 Rxf3 32. c5 Re1 33. Qc4+
Kh8 34. b4 Rxd1+ 35. Kxd1 Qxa4+ 36. Ke2 Rxg3 37. Kf2 Rg4 38. Ke3 Qd1 39. Qb5
Qe1+ 40. Kd4 Rxf4+ 41. Kd5 c6+ 0-1

[Event "US Open Monday Swiss"]
[Site "Palo Alto, Calif."]
[Date "1981.08.03"]
[Round "1"]
[White "Moody, David"]
[Black "Tyler, Steve"]
[Result "1-0"]
[WhiteElo "1871"]
[BlackElo "1548"]
[PlyCount "91"]
[EventDate "1981.08.03"]

1. e4 d5 2. exd5 Nf6 3. d4 Nxd5 4. Nf3 Bg4 5. Bc4 Nc6 6. c3 g6 7. h3 Bf5 8. Qb3
Na5 9. Qa4+ c6 10. Ne5 f6 11. Nf3 Nxc4 12. Qxc4 Qd6 13. O-O Nf4 14. Re1 Bd3 15.
Bxf4 Qxf4 16. Qxd3 O-O-O 17. Qe4 Qxe4 18. Rxe4 e5 19. Nbd2 exd4 20. Rxd4 Re8
21. Re1 Bc5 22. Rxe8+ Rxe8 23. Re4 Rd8 24. Kf1 f5 25. Re1 b5 26. Nb3 Bb6 27.
Nbd4 b4 28. Nxc6 b3 29. Nxd8 bxa2 30. Nc6 Bc5 31. Ra1 g5 32. Nxg5 h6 33. Ne6
Kd7 34. Nxc5+ Kxc6 35. Rxa2 Kxc5 36. Rxa7 Kc4 37. b4 Kxc3 38. b5 Kd2 39. Ra3
Kd1 40. Ra2 f4 41. b6 f3 42. gxf3 h5 43. b7 h4 44. b8=R Kc1 45. Rbb2 Kd1 46.
Rb1# 1-0

[Event "US Open Monday Swiss"]
[Site "Palo Alto, Calif."]
[Date "1981.08.03"]
[Round "3"]
[White "Moody, David"]
[Black "Patrias, Thomas"]
[Result "1-0"]
[WhiteElo "1871"]
[BlackElo "1822"]
[PlyCount "39"]
[EventDate "1981.08.03"]

1. e4 Nf6 2. Nc3 d5 3. d4 dxe4 4. f3 Bf5 5. Bg5 Nbd7 6. Bc4 c6 7. Qe2 exf3 8.
Nxf3 Nb6 9. Bb3 Nbd5 10. O-O Qb6 11. Rad1 O-O-O 12. Ne5 Be6 13. Nxd5 cxd5 14.
c4 h6 15. Bh4 g5 16. Bg3 Ne4 17. cxd5 Nxg3 18. hxg3 Bxd5 19. Bxd5 Rxd5 20. Qc4+
1-0

[Event "US Open Monday Swiss"]
[Site "Palo Alto, Calif."]
[Date "1981.08.03"]
[Round "2"]
[White "Katronis, John"]
[Black "Moody, David"]
[Result "0-1"]
[WhiteElo "1294"]
[BlackElo "1871"]
[PlyCount "61"]
[EventDate "1981.08.03"]

1. Nf3 d5 2. d4 Nf6 3. g3 c6 4. e3 Bg4 5. c4 Nbd7 6. cxd5 cxd5 7. Nbd2 e6 8.
Qa4 a6 9. Bg2 b5 10. Qd1 Be7 11. a4 O-O 12. axb5 axb5 13. Rxa8 Qxa8 14. O-O Rc8
15. h3 Bf5 16. Ne5 Nxe5 17. dxe5 Nd7 18. f4 Bd3 19. Re1 Bc2 20. Qe2 Qa1 21.
Qxb5 Ba4 22. Qf1 Bb4 23. Qe2 Rxc1 24. Rxc1 Qxc1+ 25. Bf1 Qxd2 26. Qa6 Qxe3+ 27.
Kh1 Qf3+ 28. Bg2 Qd1+ 29. Kh2 h5 30. Qc8+ Kh7 31. Qf8 0-1

[Event "U.S. Open"]
[Site "Palo Alto, Calif."]
[Date "1981.08.04"]
[Round "3"]
[White "Moody, David"]
[Black "Weiler, Johann"]
[Result "1-0"]
[WhiteElo "1871"]
[BlackElo "1506"]
[PlyCount "89"]
[EventDate "1981.08.02"]

1. e4 c5 2. Nf3 Nc6 3. d4 cxd4 4. Nxd4 Nf6 5. Nc3 d6 6. Bc4 e6 7. Bg5 Be7 8.
O-O a6 9. f4 Bd7 10. f5 Na5 11. Bxf6 Bxf6 12. fxe6 b5 13. exd7+ Qxd7 14. Bd5
Rc8 15. Nf5 Nc4 16. Qg4 g6 17. Nxd6+ Qxd6 18. Qxc8+ Qd8 19. Qc6+ Qd7 20. Rxf6
Ne5 21. Qxd7+ Kxd7 22. Bxf7 Ke7 23. Re6+ Kxf7 24. Rxe5 Kf6 25. Rc5 Ra8 26. Rf1+
Kg7 27. Rc7+ Kh6 28. Rff7 Re8 29. h4 Kh5 30. Rxh7+ Kg4 31. Kf2 Rf8+ 32. Rcf7
Rxf7+ 33. Rxf7 Kxh4 34. Kf3 b4 35. Nd5 Kg5 36. Kg3 a5 37. b3 a4 38. bxa4 b3 39.
axb3 Kh6 40. Kg4 g5 41. Rf6+ Kg7 42. Kxg5 Kh7 43. Rf7+ Kg8 44. Kg6 Kh8 45. Rf8#
1-0

[Event "US Open Tuesday Tornado"]
[Site "Palo Alto, Calif."]
[Date "1981.08.04"]
[Round "3"]
[White "Moody, David"]
[Black "Trottier, Leonard"]
[Result "1-0"]
[WhiteElo "1871"]
[BlackElo "1588"]
[PlyCount "76"]
[EventDate "1981.08.04"]

1. e4 e5 2. Nf3 Nc6 3. d4 exd4 4. Bc4 h6 5. Nxd4 Ne5 6. Bb3 Nf6 7. O-O Bc5 8.
Nc3 d6 9. Re1 Bd7 10. Na4 Bxd4 11. Qxd4 Nc6 12. Qd1 O-O 13. Nc3 Re8 14. h3 a6
15. Qf3 Be6 16. Bf4 Bxb3 17. axb3 Nd4 18. Qd3 Ne6 19. Be3 Nf8 20. Rad1 Ng6 21.
f3 Re7 22. Qd4 Qd7 23. Ne2 b6 24. Ng3 Nh7 25. Nf5 Re5 26. f4 Rxf5 27. exf5 Qxf5
28. Qd5 Qc8 29. Rd3 Nf6 30. Qf3 Ra7 31. Rc3 c5 32. Rd3 Rd7 33. Red1 Ne8 34. Qe2
Ne7 35. Qd2 d5 36. c3 a5 37. Bf2 Nc7 38. Re3 Kf8 1-0

[Event "US Open Tuesday Tornado"]
[Site "Palo Alto, Calif."]
[Date "1981.08.04"]
[Round "2"]
[White "Karr, Bill"]
[Black "Moody, David"]
[Result "1-0"]
[WhiteElo "1977"]
[BlackElo "1871"]
[PlyCount "79"]
[EventDate "1981.08.04"]

1. e4 e5 2. Nf3 Nc6 3. Bb5 a6 4. Ba4 Nf6 5. O-O Be7 6. Qe2 b5 7. Bb3 O-O 8. c3
d5 9. d3 Bg4 10. exd5 Nxd5 11. Qe4 Be6 12. Nxe5 Nxe5 13. Qxe5 Bd6 14. Qe2 Qh4
15. g3 Qh3 16. Qf3 c6 17. d4 Bg4 18. Qg2 Qh5 19. Re1 Rae8 20. Be3 Nf4 21. gxf4
Bxf4 22. Nd2 Bh3 23. Qf3 Bxh2+ 24. Kh1 Bg4 25. Qg2 Bc7+ 26. Kg1 Re6 27. Bxe6
fxe6 28. f4 Rf6 29. Ne4 Rg6 30. Ng3 Qh4 31. Bf2 Bh3 32. Qh2 Bxf4 33. Re4 Qh5
34. Rxf4 Qg5 35. Rf3 Bg4 36. Be3 Qd5 37. Rf2 Bf3 38. Raf1 h5 39. Rxf3 Qxa2 40.
Rf8+ 1-0

[Event "US Open Wednesday Quads"]
[Site "Palo Alto, Calif."]
[Date "1981.08.05"]
[Round "1"]
[White "Moody, David"]
[Black "Gallegos, Jeff"]
[Result "1/2-1/2"]
[WhiteElo "1871"]
[BlackElo "1863"]
[PlyCount "105"]
[EventDate "1981.08.05"]

1. e4 c5 2. Nf3 d6 3. d4 cxd4 4. Nxd4 Nf6 5. Nc3 a6 6. Bg5 e6 7. f4 Be7 8. Qf3
Qc7 9. O-O-O Nbd7 10. g4 b5 11. Bg2 Rb8 12. Rhe1 b4 13. Nd5 exd5 14. exd5 Nc5
15. Bxf6 gxf6 16. Nc6 Rb7 17. Rxe7+ Qxe7 18. Nxe7 Rxe7 19. h3 Kd8 20. Qf2 Rhe8
21. Qd4 f5 22. gxf5 Bxf5 23. Qf6 Bg6 24. Re1 Nd7 25. Qh4 f6 26. Rxe7 Rxe7 27.
Bf3 a5 28. Kd2 Kc7 29. Bh5 Be4 30. Bg4 Rf7 31. Be6 Rg7 32. Bxd7 Kxd7 33. Qxf6
Rg2+ 34. Ke3 Bxd5 35. Qf5+ Kc6 36. Qxh7 Rg3+ 37. Ke2 Rg2+ 38. Kf1 Rg3 39. Ke2
Rg2+ 40. Ke3 Rg3+ 41. Kd4 Bg8 42. Qh5 Kb6 43. f5 Rg2 44. Qg6 Rxg6 45. fxg6 Be6
46. h4 Bg4 47. g7 Be6 48. h5 Kc6 49. h6 Bg8 50. Ke4 Bh7+ 51. Kd4 Bg8 52. Ke4
Bh7+ 53. Kd4 1/2-1/2

[Event "U.S. Open"]
[Site "Palo Alto, Calif."]
[Date "1981.08.05"]
[Round "4"]
[White "Hobbs, Richard"]
[Black "Moody, David"]
[Result "1-0"]
[WhiteElo "2102"]
[BlackElo "1871"]
[PlyCount "41"]
[EventDate "1981.08.02"]

1. e4 e5 2. d4 exd4 3. c3 dxc3 4. Bc4 cxb2 5. Bxb2 c6 6. Nf3 d6 7. Qb3 Qe7 8.
O-O Nd7 9. Nc3 Nc5 10. Qc2 Be6 11. Nd5 Qd7 12. Rad1 Rc8 13. Rfe1 cxd5 14. exd5
Nf6 15. Bxf6 gxf6 16. Qb2 a6 17. Qxf6 Rg8 18. dxe6 Nxe6 19. Bxe6 fxe6 20. Rxe6+
Be7 21. Rde1 1-0

[Event "US Open Wednesday Quads"]
[Site "Palo Alto, Calif."]
[Date "1981.08.05"]
[Round "2"]
[White "Darling, Lance"]
[Black "Moody, David"]
[Result "1-0"]
[WhiteElo "1965"]
[BlackElo "1871"]
[PlyCount "35"]
[EventDate "1981.08.05"]

1. c4 e5 2. Nc3 Nf6 3. g3 d5 4. cxd5 Nxd5 5. Bg2 Be6 6. d3 Bb4 7. Bd2 c6 8. Nf3
Nd7 9. O-O O-O 10. Ng5 Bg4 11. Rc1 Bxc3 12. bxc3 Nc5 13. c4 Nb6 14. Bb4 Qxg5
15. Bxc5 Rfe8 16. Be3 Qh5 17. f3 Bh3 18. g4 1-0

[Event "U.S. Open"]
[Site "Palo Alto, Calif."]
[Date "1981.08.06"]
[Round "5"]
[White "Moody, David"]
[Black "Cahlander, Bernard"]
[Result "1/2-1/2"]
[WhiteElo "1871"]
[BlackElo "1595"]
[PlyCount "67"]
[EventDate "1981.08.02"]

1. e4 c6 2. d4 d5 3. Nc3 dxe4 4. Nxe4 Nf6 5. Nxf6+ gxf6 6. Bc4 Bf5 7. Nf3 e6 8.
Bf4 Bd6 9. Qd2 Qc7 10. Bg3 Nd7 11. Nh4 Bg6 12. Nxg6 hxg6 13. O-O-O O-O-O 14.
Bxd6 Qxd6 15. h3 f5 16. Rhe1 Nf6 17. f3 Kb8 18. Qe3 Nd7 19. Kb1 Rh4 20. Qg5
Rhh8 21. Bb3 Nb6 22. c4 Qb4 23. Qd2 Qxd2 24. Rxd2 Rd7 25. Kc2 g5 26. Re5 Rh4
27. Kc3 a6 28. d5 cxd5 29. cxd5 Rc7+ 30. Kd3 Nd7 31. Re3 Nc5+ 32. Ke2 Nxb3 33.
Rxb3 Rh8 34. dxe6 1/2-1/2

[Event "US Open Wednesday Quads"]
[Site "Palo Alto, Calif."]
[Date "1981.08.07"]
[Round "3"]
[White "Moody, David"]
[Black "Friessen, Erich"]
[Result "1-0"]
[WhiteElo "1871"]
[BlackElo "1732"]
[PlyCount "85"]
[EventDate "1981.08.05"]

1. e4 Nf6 2. Nc3 d5 3. d4 dxe4 4. f3 Bf5 5. g4 Bg6 6. g5 Nd5 7. Nxe4 e6 8. Nh3
c6 9. Nf4 Bb4+ 10. c3 Bxe4 11. fxe4 Nxf4 12. Bxf4 Bd6 13. Qf3 Qc7 14. Bxd6 Qxd6
15. O-O-O Nd7 16. Bh3 Qe7 17. Qf4 f6 18. Qg4 e5 19. Qxd7+ Qxd7 20. Bxd7+ Kxd7
21. dxe5+ Ke7 22. exf6+ gxf6 23. gxf6+ Kxf6 24. Rhf1+ Ke6 25. Rd4 Rad8 26. Kd2
Rhf8 27. Rxf8 Rxf8 28. Ke3 Rf7 29. Rd2 Ke5 30. Rd8 Re7 31. Rf8 b6 32. Rf5+ Ke6
33. Kf4 Rg7 34. e5 c5 35. Rf6+ Ke7 36. Rh6 Rf7+ 37. Ke4 Kd8 38. Kd5 Ke8 39. e6
Re7 40. Rf6 Rg7 41. Rf7 Rg2 42. Rxh7 Rxb2 43. a4 1-0

[Event "U.S. Open"]
[Site "Palo Alto, Calif."]
[Date "1981.08.07"]
[Round "6"]
[White "Alisago, Jimmy"]
[Black "Moody, David"]
[Result "1/2-1/2"]
[WhiteElo "1551"]
[BlackElo "1871"]
[PlyCount "34"]
[EventDate "1981.08.02"]

1. e4 e5 2. Nf3 Nc6 3. Bc4 Nf6 4. Ng5 d5 5. exd5 Na5 6. Qe2 Bd6 7. O-O O-O 8.
d4 Nxc4 9. Qxc4 h6 10. dxe5 Bxe5 11. Nf3 Re8 12. Re1 Qd6 13. Rxe5 Rxe5 14. Nxe5
Qxe5 15. Nc3 Qe1+ 16. Qf1 Qe5 17. Qc4 Qe1+ 1/2-1/2

[Event "US Open Saturday Quads"]
[Site "Palo Alto, Calif."]
[Date "1981.08.08"]
[Round "3"]
[White "Moody, David"]
[Black "McLane, Donald"]
[Result "0-1"]
[WhiteElo "1871"]
[BlackElo "1922"]
[PlyCount "58"]
[EventDate "1981.08.08"]

1. e4 Nc6 2. Nc3 e6 3. d4 d5 4. e5 f6 5. f4 Qd7 6. Bb5 Qf7 7. Nf3 Bd7 8. Bxc6
Bxc6 9. O-O Ne7 10. b4 a6 11. Qd3 Nc8 12. a3 f5 13. Rb1 Be7 14. Nd2 Nb6 15. Nb3
Nc4 16. Nd2 b5 17. Rb3 O-O 18. Qh3 g5 19. fxg5 Bxg5 20. Nf3 Bxc1 21. Rxc1 Kh8
22. Ng5 Qg6 23. Qh4 Rg8 24. Nce4 dxe4 25. Rg3 Raf8 26. Nxe4 Qf7 27. Nf6 Rxg3
28. hxg3 Ne3 29. Kf2 Ng4+ 0-1

[Event "US Open Saturday Quads"]
[Site "Palo Alto, Calif."]
[Date "1981.08.08"]
[Round "2"]
[White "Gordon, Scott"]
[Black "Moody, David"]
[Result "1/2-1/2"]
[WhiteElo "1892"]
[BlackElo "1871"]
[PlyCount "73"]
[EventDate "1981.08.08"]

1. e4 e5 2. Bc4 Nf6 3. Nf3 Nc6 4. Ng5 d5 5. exd5 Na5 6. Bb5+ c6 7. dxc6 bxc6 8.
Be2 h6 9. Nf3 e4 10. Ne5 Bd6 11. d4 exd3 12. Nxd3 O-O 13. Nd2 Re8 14. O-O Qc7
15. Nf3 Bg4 16. h3 Bh5 17. b3 Rad8 18. c4 Nb7 19. Qc2 Bg6 20. Rd1 Nc5 21. Bb2
Rxe2 22. Qxe2 Bxd3 23. Qe3 Re8 24. Qd4 Re4 25. Qc3 Re2 26. Rd2 Nce4 27. Qxd3
Bh2+ 28. Kf1 Rxd2 29. Nxd2 Qf4 30. Nf3 g5 31. Be5 Qf5 32. Qd8+ Kh7 33. Bxh2
Nxf2 34. Kxf2 Qc2+ 35. Qd2 Ne4+ 36. Ke2 Nxd2 37. Nxd2 1/2-1/2

[Event "US Open  Saturday Quads"]
[Site "Palo Alto, Calif."]
[Date "1981.08.08"]
[Round "1"]
[White "Davis, Bill"]
[Black "Moody, David"]
[Result "0-1"]
[WhiteElo "1911"]
[BlackElo "1871"]
[PlyCount "116"]
[EventDate "1981.08.08"]

1. e4 e5 2. Nf3 Nc6 3. Bb5 a6 4. Ba4 Nf6 5. O-O Be7 6. Re1 b5 7. Bb3 O-O 8. d4
d6 9. c3 Bg4 10. d5 Na5 11. Bc2 Nd7 12. h3 Bh5 13. Nbd2 Nb6 14. Nf1 Bxf3 15.
Qxf3 Bg5 16. Ng3 Bxc1 17. Raxc1 g6 18. Qg4 Kh8 19. b3 Nb7 20. f4 Qe7 21. Rf1
exf4 22. Qxf4 Qe5 23. Qxe5+ dxe5 24. Rf3 Nd6 25. Rcf1 Rae8 26. Ne2 f5 27. Ng3
f4 28. Ne2 Kg7 29. g3 g5 30. Kg2 Nd7 31. Ng1 Nc5 32. Re1 h6 33. b4 Nd7 34. a4
Nf6 35. Bd3 Kg6 36. Rf2 fxg3 37. Rf3 Nh5 38. Ref1 Rxf3 39. Rxf3 Nf4+ 40. Kxg3
Nxd3 41. Rxd3 Nxe4+ 42. Kg2 bxa4 43. Nf3 a3 44. c4 a2 45. Ra3 Nc3 46. Ne1 Rb8
47. Nc2 Kf5 48. Rxc3 Rxb4 49. Rf3+ Ke4 50. Re3+ Kf5 51. Rf3+ Kg6 52. Na1 Rb1
53. Rf1 Rb2+ 54. Rf2 Rb1 55. Rf1 Rxf1 56. Kxf1 Kf5 57. Ke2 Ke4 58. Nc2 h5 0-1

[Event "US Open Sunday 30-30"]
[Site "Palo Alto, Calif."]
[Date "1981.08.09"]
[Round "3"]
[White "Safdie, Ray"]
[Black "Moody, David"]
[Result "0-1"]
[WhiteElo "1709"]
[BlackElo "1871"]
[PlyCount "94"]
[EventDate "1981.08.09"]

1. e4 e5 2. Nf3 Nc6 3. Bb5 a6 4. Ba4 Nf6 5. O-O Be7 6. Re1 b5 7. Bb3 O-O 8. c3
d5 9. exd5 Nxd5 10. Nxe5 Nxe5 11. Rxe5 c6 12. d4 Bd6 13. Bxd5 Bxe5 14. Bxc6
Bxh2+ 15. Kf1 Ra7 16. Qh5 Bb8 17. Be3 Bb7 18. d5 Bxc6 19. Bxa7 Qxd5 20. Qxd5
Bxd5 21. Bxb8 Rxb8 22. Nd2 Rd8 23. Nb3 Bc4+ 24. Kg1 f6 25. Nd4 Rd6 26. Re1 Kf7
27. Re3 Bxa2 28. b3 Bb1 29. f4 b4 30. Ne2 Rd3 31. Rxd3 Bxd3 32. Nc1 Bc2 33.
cxb4 Ke6 34. Kf2 Kf5 35. Kf3 Be4+ 36. Kg3 Bd5 37. Ne2 Ke4 38. Nc3+ Kd4 39. Na4
Bxb3 40. Nc5 Bc4 41. Kf2 Kc3 42. Nd7 Kxb4 43. Ke1 a5 44. Kd1 a4 45. Kc1 a3 46.
Kb1 Kc3 47. Ne5 fxe5 0-1

[Event "U.S. Open"]
[Site "Palo Alto, Calif."]
[Date "1981.08.09"]
[Round "7"]
[White "Moody, David"]
[Black "Shiner, Bob"]
[Result "0-1"]
[WhiteElo "1871"]
[BlackElo "1496"]
[PlyCount "50"]
[EventDate "1981.08.02"]

1. e4 c5 2. Nf3 d6 3. d4 cxd4 4. Nxd4 Nf6 5. Nc3 g6 6. Be3 Bg7 7. f3 O-O 8. Bc4
Nc6 9. Qd2 Bd7 10. O-O-O Rc8 11. h4 Ne5 12. Bb3 Nc4 13. Bxc4 Rxc4 14. Bh6 Rxd4
15. Qxd4 Bxh6+ 16. Kb1 Bg7 17. Qf2 Qb6 18. Qd2 Rc8 19. b3 Qc5 20. Ne2 Qa3 21.
Qc1 Qxc1+ 22. Kxc1 Bc6 23. c4 b5 24. cxb5 Bxb5+ 25. Kd2 Nh5 0-1

[Event "US Open Sunday 30-30"]
[Site "Palo Alto, Calif."]
[Date "1981.08.09"]
[Round "1"]
[White "Moody, David"]
[Black "Lewis, Jeff"]
[Result "0-1"]
[WhiteElo "1871"]
[BlackElo "1680"]
[PlyCount "62"]
[EventDate "1981.08.09"]

1. e4 c6 2. d4 d5 3. Nc3 dxe4 4. Nxe4 Bf5 5. Ng3 Bg6 6. h4 h6 7. Nf3 Nd7 8. h5
Bh7 9. Bd3 Bxd3 10. Qxd3 Ngf6 11. Bf4 Qa5+ 12. Bd2 Qc7 13. O-O-O e6 14. Rhe1
O-O-O 15. Qe2 Bd6 16. Ne5 Bxe5 17. dxe5 Nd5 18. c4 Ne7 19. Bf4 f5 20. Rd6 g5
21. Bd2 Nf8 22. Bb4 c5 23. Red1 Rd7 24. Bc3 Nc6 25. Nxf5 exf5 26. Rxd7 Nxd7 27.
Rxd7 Qxd7 28. e6 Qe8 29. e7 Rh7 30. Qe6+ Kb8 31. Be5+ Ka8 0-1

[Event "US Open Sunday 30-30"]
[Site "Palo Alto, Calif."]
[Date "1981.08.09"]
[Round "2"]
[White "Moody, David"]
[Black "Lagier, Teri"]
[Result "1-0"]
[WhiteElo "1871"]
[BlackElo "1685"]
[PlyCount "81"]
[EventDate "1981.08.09"]

1. e4 c6 2. d4 d5 3. exd5 cxd5 4. c4 Nf6 5. Nc3 e6 6. Bg5 Be7 7. Nf3 O-O 8. c5
b6 9. b4 a5 10. a3 Bb7 11. Ne5 Nfd7 12. Bxe7 Qxe7 13. Nxd7 Nxd7 14. Bb5 Rac8
15. O-O Rc7 16. Na4 bxc5 17. dxc5 Ra8 18. Bxd7 Qxd7 19. Nb6 Qb5 20. Nxa8 Bxa8
21. Qd4 Bc6 22. Rfb1 a4 23. Rd1 Re7 24. Qd3 Qb8 25. Rab1 Bb5 26. Qg3 Qd8 27.
Rdc1 Qc8 28. Qd6 Rd7 29. Qb6 Rb7 30. Qa5 d4 31. c6 Bxc6 32. Rxc6 Qe8 33. Qc5
Rb8 34. Rc1 Rd8 35. Rc8 f6 36. Rxd8 Qxd8 37. Qc8 Qxc8 38. Rxc8+ Kf7 39. Kf1 e5
40. b5 Ke7 41. b6 1-0

[Event "U.S. Open"]
[Site "Palo Alto, Calif."]
[Date "1981.08.10"]
[Round "8"]
[White "Leftwich, Ralph"]
[Black "Moody, David"]
[Result "0-1"]
[WhiteElo "1673"]
[BlackElo "1871"]
[PlyCount "38"]
[EventDate "1981.08.02"]

1. f4 e5 2. fxe5 d6 3. exd6 Bxd6 4. Nf3 g5 5. d4 g4 6. Ng5 f5 7. e4 h6 8. e5
Be7 9. Nh3 gxh3 10. Qh5+ Kf8 11. Bc4 Rh7 12. Qg6 Bb4+ 13. c3 Rg7 14. Qh5 hxg2
15. Rg1 Qxd4 16. Rxg2 Qe4+ 17. Re2 Rg1+ 18. Kd2 Qxc4 19. Rf2 Qd4+ 0-1

[Event "U.S. Open"]
[Site "Palo Alto, Calif."]
[Date "1981.08.11"]
[Round "9"]
[White "Moody, David"]
[Black "Van Zweeden, R.."]
[Result "0-1"]
[WhiteElo "1871"]
[BlackElo "1715"]
[PlyCount "54"]
[EventDate "1981.08.02"]

1. e4 d6 2. d4 g6 3. Nf3 Bg7 4. Bc4 Nc6 5. Nc3 e5 6. dxe5 Nxe5 7. Nxe5 Bxe5 8.
Be3 Be6 9. Bxe6 fxe6 10. Bd4 Qf6 11. Bxe5 Qxe5 12. Qd2 Ne7 13. O-O-O O-O-O 14.
Qe3 Nc6 15. f4 Qa5 16. Rhf1 Kb8 17. f5 gxf5 18. exf5 exf5 19. Rd5 Qa6 20. Rdxf5
Rhe8 21. Qh6 Nd4 22. R5f2 b5 23. Qxh7 b4 24. Nd5 Qc4 25. Nf4 Qxa2 26. Qd3 c5
27. Ne2 Rxe2 0-1

[Event "US Open Tuesday Tornado #2"]
[Site "Palo Alto, Calif."]
[Date "1981.08.11"]
[Round "3"]
[White "Moody, David"]
[Black "Safdie, Ray"]
[Result "1-0"]
[WhiteElo "1871"]
[BlackElo "1709"]
[PlyCount "21"]
[EventDate "1981.08.11"]

1. e4 e5 2. Nf3 Nf6 3. Nxe5 d6 4. Nf3 Nxe4 5. Nc3 Nxc3 6. dxc3 Nc6 7. Bd3 b6 8.
Bb5 Bd7 9. Qd5 Ne7 10. Bxd7+ Kxd7 11. Ne5+ 1-0

[Event "US Open Tuesday Tornado #2"]
[Site "Palo Alto, Calif."]
[Date "1981.08.11"]
[Round "1"]
[White "Moody, David"]
[Black "Howell, Billy"]
[Result "1-0"]
[WhiteElo "1871"]
[BlackElo "1315"]
[PlyCount "37"]
[EventDate "1981.08.11"]

1. e4 e5 2. Nf3 Nc6 3. d4 exd4 4. Bc4 Nf6 5. O-O Nxe4 6. Re1 Qe7 7. Ng5 Nxg5 8.
Bxg5 f6 9. Rxe7+ Bxe7 10. Bf4 d6 11. c3 dxc3 12. Nxc3 Bf5 13. Qd5 Bg6 14. Bb5
Kd7 15. Na4 a6 16. Nc5+ Kc8 17. Qe6+ Kb8 18. Nd7+ Ka7 19. Be3+ 1-0

[Event "US Open Tuesday Tornado #2"]
[Site "Palo Alto, Calif."]
[Date "1981.08.11"]
[Round "2"]
[White "Fricko, Frank"]
[Black "Moody, David"]
[Result "1-0"]
[WhiteElo "1920"]
[BlackElo "1871"]
[PlyCount "35"]
[EventDate "1981.08.11"]

1. Nf3 d6 2. b3 e5 3. Bb2 f5 4. e3 Nf6 5. Nc3 Be7 6. Bc4 e4 7. Ng5 d5 8. Nxd5
Nxd5 9. Bxg7 Rg8 10. Qh5+ Kd7 11. Nf7 Qe8 12. Qxf5+ Kc6 13. Qxd5+ Kb6 14. a4 a5
15. Bd4+ c5 16. Nd6 Qc6 17. Qxg8 Bxd6 18. Bc3 1-0

[Event "US Open Wednesday 2-Step Quads"]
[Site "Palo Alto, Calif."]
[Date "1981.08.12"]
[Round "3"]
[White "Moody, David"]
[Black "Fricko, Frank"]
[Result "1/2-1/2"]
[WhiteElo "1871"]
[BlackElo "1920"]
[PlyCount "32"]
[EventDate "1981.08.12"]

1. d4 Nf6 2. c4 c5 3. d5 b5 4. cxb5 a6 5. b6 Qxb6 6. Nc3 Bb7 7. e4 Qb4 8. Qc2
g6 9. Bd2 Qb6 10. Na4 Qc7 11. Qxc5 Qxc5 12. Nxc5 Bc8 13. Rc1 d6 14. Na4 Nbd7
15. f3 Bg7 16. Bc3 O-O 1/2-1/2